000 003860000a22001570004500
041 0 _aSPA
082 0 4 _aG 813 G814c
100 1 _aGreene, Graham
245 1 0 _aUn caso acabado / Graham Greene; Enrique Pezzoni, Traductor
250 _a3
260 _aBuenos Aires, Argentina : SUR
300 _a253 Pag
500 _aTitulo original : A burnt out case
001 10862
942 _cBK
999 _c40287
_d40287